| 000 | 00715nam a2200205Ia 4500 | ||
|---|---|---|---|
| 001 | 8758 | ||
| 003 | GE_BSU | ||
| 008 | 181216s||||||||xx |||||||||||||| ||und|| | ||
| 040 | _cGE_BSU | ||
| 080 | _a821.353.1–1 | ||
| 100 | _aიეთიმ–გურჯი (იეთიმ დაბღიშვილი,1875-1940) | ||
| 245 | _aრჩეული ლექსები | ||
| 245 | _cანდრო თევზაძის რედ.და წინასიტყვ. | ||
| 260 | _aთბილისი | ||
| 260 | _bსაბჭ.მწერალი;ხელოვნება | ||
| 260 | _c1955 | ||
| 300 | _a72გვ; 14სმ | ||
| 653 | _aრჩეული ლექსები | ||
| 942 | _cBK | ||
| 999 |
_c42068 _d42068 |
||